000 00456pab a2200169 454500
008 180718b1985 xxu||||| |||| 00| 0 eng d
100 _aInamdar, N.R.
245 _aDevelopment administration and administrative reforms
260 _c1985
300 _ap.504-513.
362 _aJul-Sep
650 _aDevelopment administration
650 _aAdministrative reform
773 _aIndian Journal of Public Administration
908 _aN
909 _a88726
999 _c88726
_d88726